Discurso nacional y construcciones de género en la novela nicaraguense contemporánea
O artigo analisa a mudanca de paradigma em algunas novelas nicaraguenses publicadas nos anos de 1980 e 1990. A construcao de nacionalism fundamentava-se em características masculinas e patriarcais e excluia a feminino. Com o projeto revolucionario )1980-1990), nota-se uma mudanca de paradigma. As...
Gespeichert in:
| 1. Verfasser: | |
|---|---|
| Format: | Unbekannt |
| Veröffentlicht: |
Goiania Goias:
Instituto de Filosofía e Teología de Goias,
1991
|
| Schlagworte: | |
| Tags: |
Tag hinzufügen
Keine Tags, Fügen Sie den ersten Tag hinzu!
|
MARC
| LEADER | 000000000a22000000004500 | ||
|---|---|---|---|
| 001 | 000612 | ||
| 092 | 0 | |a Fragmentos de cultura 100 F | |
| 100 | 1 | |a Mackenbach, Werner | |
| 245 | 1 | 0 | |a Discurso nacional y construcciones de género en la novela nicaraguense contemporánea |
| 260 | |a Goiania Goias: |b Instituto de Filosofía e Teología de Goias, |c 1991 | ||
| 300 | |a 1141-1156 páginas | ||
| 520 | |a O artigo analisa a mudanca de paradigma em algunas novelas nicaraguenses publicadas nos anos de 1980 e 1990. A construcao de nacionalism fundamentava-se em características masculinas e patriarcais e excluia a feminino. Com o projeto revolucionario )1980-1990), nota-se uma mudanca de paradigma. As construcoes de género ja ñao servem para a costrucao de uma identidade nacional. | ||
| 650 | 4 | |a GENERO | |
| 650 | 4 | |a LITERATURA NICARAGUENSE | |
| 650 | 4 | |a NOVELA | |
| 650 | 4 | |a HISTORIA Y CRITICA | |
| 773 | 0 | |t Fragmentos de cultura | |
| 773 | 0 | |g 12 | |
| 773 | 0 | |g 6 | |
| 999 | |c 935 |d 935 | ||
